| 000 | 00649nam a22002057a 4500 | ||
|---|---|---|---|
| 003 | OSt | ||
| 005 | 20251024020251.0 | ||
| 008 | 251014b |||||||| |||| 00| 0 eng d | ||
| 020 | _a978-0-07-110195-0. | ||
| 040 |
_aDWCL-Main lib _cOC |
||
| 082 | _aCirc. 363.7 En57e 2008 | ||
| 100 | _aEldon E. Enger | ||
| 245 |
_aEnvironmental science : _ba study of interrelationships |
||
| 260 |
_aBoston : _bMcGraw-Hill Higher Education, _cc2008. |
||
| 300 |
_axxiv, 488 pages : _bcolored illustration ; _c27 cm. |
||
| 504 | _aIncludes index. | ||
| 650 | _21. Environmental sciences. | ||
| 700 | _aSmith, Bradley F. | ||
| 942 |
_2ddc _cBK-CIRC _e11th ed. _kCirc. _n0 |
||
| 999 |
_c4886 _d4886 |
||